[Event "IND-ch U09 37th"]
[Site "Pune"]
[Date "2024.12.31"]
[Round "8"]
[White "Vihaan, Datta Katakam"]
[Black "Anand, Takkshanth"]
[Result "0-1"]
[WhiteElo "1445"]
[BlackElo "1596"]
[PlyCount "76"]
[EventDate "2024.12.27"]
[EventType "swiss"]
[EventRounds "11"]
[EventCountry "IND"]
[SourceTitle "CB02_2025"]
[SourceDate "2025.01.08"]
[SourceVersion "1"]
[SourceVersionDate "2025.01.08"]
[SourceQuality "1"]

1. e4 e6 2. d4 d5 3. exd5 exd5 4. c4 c6 5. Nc3 Nf6 6. Bg5 Be7 7. Nf3 0-0 8. cxd5 cxd5 9. Bd3 Bg4 10. 0-0 Nc6 11. Bb1 h6 12. Bh4 Re8 13. Bc2 Bxf3 14. gxf3 Qd7 15. Bg3 Bd6 16. Bb3 Rad8 17. Qd2 Qf5 18. Bd1 Nh5 19. Kh1 Bf4 20. Bxf4 Nxf4 21. Rg1 Nh3 22. Rg3 Nf4 23. Bc2 Qf6 24. Rag1 Nh5 25. Rh3 Nxd4 26. Bd1 Nf4 27. Rhg3 Ng6 28. f4 Nf5 29. Rg4 d4 30. Ne2 Qc6+ 31. R4g2 Nfh4 32. Nxd4 Nxg2 33. Nxc6 Rxd2 34. Ne5 Nxe5 35. fxe5 Rxe5 36. Kxg2 Rg5+ 37. Kh1 Rxg1+ 38. Kxg1 Rxd1+ 0-1

[Event "IND-ch U09 37th"]
[Site "Pune"]
[Date "2024.12.29"]
[Round "5"]
[White "Anand, Takkshanth"]
[Black "Arham, Suvidh Turakhia"]
[Result "1-0"]
[WhiteElo "1596"]
[BlackElo "1446"]
[PlyCount "60"]
[EventDate "2024.12.27"]
[EventType "swiss"]
[EventRounds "11"]
[EventCountry "IND"]
[SourceTitle "CB02_2025"]
[SourceDate "2025.01.08"]
[SourceVersion "1"]
[SourceVersionDate "2025.01.08"]
[SourceQuality "1"]

1. e4 c5 2. c3 Nf6 3. e5 Nd5 4. d4 cxd4 5. Nf3 Nc6 6. cxd4 g6 7. Nc3 Nxc3 8. bxc3 Bg7 9. Bd3 d6 10. exd6 Qxd6 11. 0-0 0-0 12. Be3 Bg4 13. h3 Bxf3 14. Qxf3 e5 15. Rad1 Rad8 16. Bb1 f5 17. d5 e4 18. Qe2 Ne7 19. c4 b6 20. Bc2 h6 21. Bd4 g5 22. Bxg7 Kxg7 23. g4 Ng6 24. gxf5 Nf4 25. Qg4 h5 26. Qxg5+ Kh7 27. Kh1 Rg8 28. Qh4 Qa3 29. Bxe4 Rde8 30. f3 Rg7 1-0